| 000 | 00554nmm a2200193Ia 4500 | ||
|---|---|---|---|
| 008 | 251105s9999||||xx |||||||||||||||||und|| | ||
| 020 | _a9788492509416 | ||
| 041 | _aspa | ||
| 100 | _aAnguita Virella, Francisco | ||
| 245 | 0 | _aCrónicas del sistema solar | |
| 264 |
_a[Madrid, España] : _bEquipo Sirius, _c2003 |
||
| 300 | _a248 páginas | ||
| 490 | _aMillenium | ||
| 650 | _aSciences | ||
| 700 | _aAnguita Virella, Francisco | ||
| 700 | 1 | _a Castilla Cañamero, Gabriel | |
| 856 | _uhttps://public.digitaliapublishing.com/a/13534 | ||
| 942 | _cCF | ||
| 999 |
_c61964 _d61964 |
||